1647 1784 1019 1740 1335 1617 1304 1503 1145 1263 1511 1817 1433 1424 1003 1666 1536 1692 1577 1636 1974 1379 1550 1626 1325 1196 1424 1651 1260 1213 1617 1914 1329 1710 1037 1820 1598 1288 1081 1844 1803 1244 1052 1084 1970 1576 1177 1740 1094 1413 1795 1142 1432 1542 1344 1921 1425 1373 1059 1789 1755 1616 1854 1439 1806 1079 1085 1995 1653 1030 1921 1142 1115 1823 1973 1203 1977 1659 1175 1778 1950 1582 1079 1552 1111 1729 1533 1378 1385 1823 1812 1084 1847 1618 1842 1003 1253 1826 1161 BCNSPRNW ULIB Ver.6.0+V

เปลี่ยนเป็นภาษาไทย

Change to English
 แสดงรายละเอียดบรรณานุกรม
  กลับหน้าหลัก

Brief Record : Get Marc (ISO 2709) : E-mail record : QR code < ปิดหน้าต่าง
LEADER : 00000nam 2200000uu 4500
001    13399111991
003     ULIB
008    110714s2552||||th 000 0 tha d
020    6160600014
090    นว.^bH111p 2552
100 0   Hideko_Sunshine
245 00 Prince of War เสี่ยงรักปฏิวัติหัวใจ/^c Hideko_Sunshine
250    พิมพ์ครั้งที่ 1
260    กรุงเทพฯ :^bแจ่มใส,^c2552
300    260 หน้า
945    ^p189^l0^i026739
995     เกษร
999     ^aใช้งานได้ทุกระบบ
รายการนี้ยังไม่มีแท็ก
คุณยังไม่ได้ล็อกอิน คุณสามารถมีกิจกรรมร่วมกับเว็บไซต์ได้ แต่ต้องล็อกอินก่อน ::
  ล็อกอิน

รายการสื่อสารสนเทศ

ลำดับที่ ประเภท เลขเรียก/บาร์โค้ด สถานที่ สถานะ
1. นวนิยาย
นวนิยาย
นว. H111p 2552  
  Barcode: 026739
ห้องสมุดวิทยาเขตสวรรค์ประชารักษ์
►นวนิยาย
บนชั้น
  ขอยืม

BibComment


ยังไม่เคยถูกคอมเมนท์

คอมเมนท์ทรัพยากรรายการนี้
  คอมเมนท์: Prince of War เสี..


 Copyright 2026. Bcnsprnw @Library